| 000 | 00949cam a22003134a 4500 | ||
|---|---|---|---|
| 999 |
_c833 _d833 |
||
| 001 | 005121849 | ||
| 003 | OCoLC | ||
| 005 | 20191223094311.0 | ||
| 008 | 091125s1986 enk 000 1 eng d | ||
| 015 | _aGB87-21143 | ||
| 020 | _a0552128481 (pbk.) : | ||
| 020 | _a9780552128483 (pbk.) | ||
| 040 |
_aUKV3G _cUKV3G _dUKM _dCPL _dNCTU |
||
| 042 | _anbic | ||
| 082 | _aFIC PRA | ||
| 100 | 1 |
_aPratchett, Terry. _eauthor |
|
| 245 | 1 | 4 |
_aThe light fantastic / _cTerry Pratchett. |
| 260 |
_aLondon : _bCorgi Books, _c1986. |
||
| 300 |
_a284 p. ; _c18 cm. |
||
| 490 | 0 | _aDiscworld novel | |
| 500 | _aOriginally published: Gerrards Cross : Colin Smythe, 1986. | ||
| 500 | _a"A Discworld novel" -- Cover. | ||
| 650 | 0 |
_aVimes, Samuel (Fictitious character) _vFiction. |
|
| 650 | 0 |
_aDiscworld (Imaginary place) _vFiction. |
|
| 655 | 7 |
_aHumorous fiction. _2gsafd. |
|
| 655 | 7 |
_aFantasy fiction. _2gsafd. |
|
| 655 | 7 |
_aSatire. _2lcsh. |
|
| 942 |
_2ddc _cFIC |
||